000 00518nam a22001817a 4500
003 CEME
005 20210628203034.0
008 210120b xxu||||| |||| 00| 0 eng d
020 _a81-7888-469-0
040 _c.
082 _a620.5 KIL
100 _aKillman, John.F
_962983
245 _aNanotechnology and molecular manufacturing, techniques risk and benefits
260 _aNEW DELHI
_bDOMINANT PUBLISHERS
_c2007
300 _a291P
650 _aNANOTECHNOLOGY.MOLECULAR MANUFACTURING
_962984
942 _cBK
_2ddc
999 _c571930
_d571930